000 00719nam a2200229Ia 4500
003 OSt
005 20220923230710.0
006 a|||||r|||| 00| 0
007 ta
008 Pun
024 _a304,839
037 _cTextual
040 _aARTS
_cARTS
_bPun
041 _2Pun
_aPun
082 _aV236:8:M7, 153K7
100 _aਗੰਡਾ ਸਿੰਘ
245 0 _aਹੁਕਮਨਾਮੇ * ਗੁਰੂ ਸਾਹਿਬਾਨ, ਮਾਤਾ ਸਾਹਿਬਾਨ, ਬੰਦਾ ਸ਼ਿਘ ਅਤੇ ॥ਾਲਸਾ ਜੀ ਦੇ
260 _c1967
650 _aਭਾਰਤੀਯ ਇਤਿਹਾਸ
942 _hV236:8:M7, 153K7
_cTEXL
_2CC
999 _c386646
_d386646